| 000 -NÁVESTIE |
| fixed length control field |
01420nam a2200385 i 4500 |
| 001 - EVIDENČNÉ ČÍSLO ZÁZNAMU - Kontrolné číslo |
| control field |
nkc20162813156 |
| 005 - DÁTUM A ČAS POSLEDNEJ TRANSAKCIE |
| control field |
20251024081502.0 |
| 007 - POLE PEVNEJ DĹŽKY PRE FYZICKÝ POPIS – VŠEOBECNE |
| fixed length control field |
ta |
| 008 - ÚDAJE S PEVNOU DĹŽKOU – VŠEOBECNÉ INFORMÁCIE |
| fixed length control field |
160719s2015 xr a f 000 0 cze |
| 020 ## - MEDZINÁRODNÉ ŠTANDARDNÉ ČÍSLO KNIHY (ISBN) |
| Medzinárodné štandardné číslo knihy (ISBN) |
9788088153047 |
| Qualifying information |
(brožováno) |
| 035 ## - Iný štandardný identifikátor |
| Iný štandardný identifikátor |
(OCoLC)958229036 |
| 040 ## - ZDROJ KATALOGIZÁCIE |
| Pôvodná katalogizujúca agentúra |
OLA001 |
| Jazyk katalogizácie |
cze |
| Konvencie popisu |
rda |
| Prepisujúca agentúra |
sk |
| 041 1# - KÓD JAZYKA |
| Kód jazyka textu/zvukovej stopy alebo samostatných nápisov |
cze |
| Kód jazyka originálu a/alebo sprostredkujúcich prekladov textu |
eng |
| 072 #7 - KÓD PREDMETOVEJ KATEGÓRIE |
| Kód predmetovej kategórie |
005 |
| Pododdiel kódu predmetovej kategórie |
Management. Řízení |
| Zdroj |
Konspekt |
| 080 ## - ČÍSLO MEDZINÁRODNÉHO DESATINNÉHO TRIEDENIA (MDT) |
| Číslo Medzinárodného desatinného triedenia (MDT) |
005.966 |
| Identifikátor vydania |
MRF |
| 080 ## - ČÍSLO MEDZINÁRODNÉHO DESATINNÉHO TRIEDENIA (MDT) |
| Číslo Medzinárodného desatinného triedenia (MDT) |
303.725.36 |
| Identifikátor vydania |
MRF |
| 080 ## - ČÍSLO MEDZINÁRODNÉHO DESATINNÉHO TRIEDENIA (MDT) |
| Číslo Medzinárodného desatinného triedenia (MDT) |
(048.8) |
| Identifikátor vydania |
MRF |
| 100 1# - OSOBNÉ MENÁ – VŠEOBECNÉ INFORMÁCIE |
| Osobné meno |
Patton, Wendy, |
| Dátumy súvisiace s menom |
1957- |
| Kód roly |
aut |
| -- |
5122 |
| 240 10 - UNIFIKOVANÝ NÁZOV |
| Unifikovaný názov |
Career development and systems theory. |
| Jazyk diela |
Česky |
| 245 10 - NÁZOV |
| Názov |
Kariérový rozvoj a systémová teorie : |
| Zvyšok názvu |
propojení mezi teorií a praxí / |
| Údaj o zodpovednosti atď. |
autoři Wendy Pattonová a Mary McMahonová ; překlad: Presto - překladatelské centrum, s.r.o. |
| 264 #1 - VYDAVATEĽSKÉ ÚDAJE, DISTRIBÚCIA ATĎ. - RDA |
| Miesto publikovania, distribúcie atď. |
Praha : |
| Názov vydavateľa, distibútora atď. |
Centrum Euroguidance, Dům zahraniční spolupráce, |
| Dátum publikovania, distribúcie atď. |
2015 |
| 300 ## - FYZICKÝ POPIS |
| Rozsah |
394 stran : |
| Ďalšie fyzické detaily |
ilustrace ; |
| Rozmery |
24 cm |
| 336 ## - TYP OBSAHU |
| Typ obsahu - termín |
text |
| Typ obsahu - kód |
txt |
| Zdroj |
rdacontent |
| 337 ## - TYP MÉDIA |
| Typ média - termín |
bez média |
| Typ média - kód |
n |
| Zdroj |
rdamedia |
| 338 ## - TYP NOSIČA |
| Typ nosiča - termín |
svazek |
| Typ nosiča - kód |
nc |
| Zdroj |
rdacarrier |
| 500 ## - VŠEOBECNÁ POZNÁMKA |
| Formátovaná poznámka o obsahu |
Přeloženo z angličtiny |
| 650 07 - PRIDANÝ VSTUP – PREDMET – TEMATICKÉ HESLO |
| Tematické heslo alebo geografický názov ako vstupný prvok |
rozvoj kariéry |
| Zdroj hesla alebo termínu |
czenas |
| -- |
5056 |
| 650 07 - PRIDANÝ VSTUP – PREDMET – TEMATICKÉ HESLO |
| Tematické heslo alebo geografický názov ako vstupný prvok |
teorie systémů |
| Zdroj hesla alebo termínu |
czenas |
| -- |
5123 |
| 650 09 - PRIDANÝ VSTUP – PREDMET – TEMATICKÉ HESLO |
| Tematické heslo alebo geografický názov ako vstupný prvok |
career development |
| Zdroj hesla alebo termínu |
eczenas |
| -- |
5061 |
| 650 09 - PRIDANÝ VSTUP – PREDMET – TEMATICKÉ HESLO |
| Tematické heslo alebo geografický názov ako vstupný prvok |
system theory |
| Zdroj hesla alebo termínu |
eczenas |
| -- |
5124 |
| 655 #7 - INDEXAČNÝ TERMÍN – ŽÁNER/FORMA |
| Údaje o žánri/forme alebo termín, ktorý je prvok fazety |
monografie |
| Zdroj termínu |
czenas |
| -- |
1661 |
| 655 #9 - INDEXAČNÝ TERMÍN – ŽÁNER/FORMA |
| Údaje o žánri/forme alebo termín, ktorý je prvok fazety |
monographs |
| Zdroj termínu |
eczenas |
| -- |
1662 |
| 700 1# - PRIDANÝ VSTUP – OSOBNÉ MENO |
| Osobné meno |
McMahon, Mary, |
| Dátumy súvisiace s menom |
1955- |
| Kód roly |
aut |
| -- |
5125 |
| 710 2# - PRIDANÝ VSTUP – KORPORATÍVNE MENO |
| Korporatívne meno alebo meno jurisdikcie ako vstupný prvok |
Presto (firma) |
| Kód roly |
trl |
| -- |
5126 |